Recital solos for snare drum
Enregistré dans:
| Auteur principal: | |
|---|---|
| Format: | Livre |
| Langue: | anglais |
| Publié: |
Delray Beach
Meredith Music Publications
1980
|
| Édition: | 1a. ed |
| Sujets: | |
| Tags: |
Ajouter un tag
Pas de tags, Soyez le premier à ajouter un tag!
|
MARC
| LEADER | 00000nam a2200000 a 4500 | ||
|---|---|---|---|
| 001 | UCH5979 | ||
| 003 | CL-VaPUC | ||
| 005 | 20220603124520.0 | ||
| 008 | 091105e19800900us |||||||||||||||||eng|d | ||
| 999 | |c 336971 |d 336969 | ||
| 020 | |a 1574630512 | ||
| 040 | |c Pontificia Universidad Católica de Valparaíso | ||
| 082 | 0 | 4 | |a Pe786.92 WHA 1980 |2 21 |
| 100 | 0 | |a Whaley, Garwood |e author |9 542388 | |
| 245 | 1 | 0 | |a Recital solos for snare drum |
| 250 | |a 1a. ed | ||
| 260 | |a Delray Beach |b Meredith Music Publications |c 1980 | ||
| 300 | |a 32 p | ||
| 583 | |a last modification |c 20171218 01:04:21 |k Rodrigo Vera | ||
| 650 | 7 | |a MUSICA PARA TAMBOR |2 CL-VaPUC |9 542389 | |
| 650 | 0 | |a Instrumentos de percusión |9 331791 | |
| 650 | 0 | |a Partituras |9 324008 | |
| 650 | 7 | |a EJERCICIOS DE EJECUCION |2 CL-VaPUC |9 542390 | |
| 942 | |c BK |2 ddc | ||
| 945 | |d 20091105 00:00:00 |a dcastane | ||
| 952 | |0 0 |1 0 |2 ddc |4 0 |6 PE_786_920000000000000_WHA_1980 |7 0 |8 X |9 429054 |a BIBEDU |b BIBEDU |d 2019-11-22 |i 4615484 |o Pe786.92 WHA 1980 |p 4615484 |r 2023-11-22 |w 2019-11-22 |y BK_X |k MUS | ||